A Hard Day's Night - The Beatles full Lyrics - Statistics

General Stats
  • This quiz has been taken 33 times
  • The average score is 209 of 247
Answer Stats
Answer % Correct
a
100%
And
100%
be
100%
been
100%
day,
100%
day's
100%
do
100%
hard
100%
I
100%
it
100%
It's
100%
it's
100%
I've
100%
like
100%
night,
100%
to
100%
To
100%
you,
100%
you
100%
You
100%
dog.
96%
dog,
96%
get
96%
work
96%
workin'
96%
all
93%
home
93%
home,
93%
when
93%
When
93%
alright.
89%
alright,
89%
But
89%
that
89%
things
89%
things.
89%
feel
86%
log.
86%
sleepin'
86%
make
82%
me
82%
know
79%
the
79%
money
75%
should
75%
buy
71%
say
68%
hear
64%
will
64%
Will
64%
everything.
61%
everything
61%
Everything
61%
find
61%
I'm
61%
just
57%
alone,
54%
right.
54%
worth
54%
gonna
50%
seems
50%
tight,
50%
You're
50%
give
43%
holding
43%
So
43%
okay.
36%
why
36%
yeah!
36%
earth
32%
Oh,
32%
on
32%
'Cause
29%
feeling
25%
Feeling
25%
moan?
25%
ow!
14%
No matching quizzes found
Score Distribution
Percent of People with Each Score
Percentile by Number Answered
Your Score History
You have not taken this quiz